| 000 | 00761nam a2200217 i 4500 | ||
|---|---|---|---|
| 001 | 171509 | ||
| 003 | ES-MaACL | ||
| 005 | 20251005063134.0 | ||
| 008 | 090519s1974 sp |||| | spa d | ||
| 017 | _aM 35062-1974 | ||
| 020 | _a84-220-0699-5 | ||
| 100 | 1 |
_aHerrera Puga, Pedro, _c(S.I.) _9140217 |
|
| 245 | 1 | 0 |
_aSociedad y delincuencia en el Siglo de Oro / _cpor Pedro Herrera Puga ; prólogo de Jose Cepeda Adán. |
| 260 |
_aMadrid : _bLa Editorial Católica, _c1974. |
||
| 300 |
_aXXXI, 381 p., 1 h. ; _c20 cm. |
||
| 490 | 1 |
_aBiblioteca de autores cristianos ; _v363 |
|
| 700 | 0 |
_aCepeda Adán, José. _937430 |
|
| 830 | 0 | 0 |
_aBiblioteca de autores cristianos _v363 _9178679 |
| 852 |
_aES-MaACL _jJ-356 _9R.46092 |
||
| 999 |
_c171509 _d171509 |
||